[Event "World Blitz 2025"]
[Site "Doha QAT"]
[Date "2025.12.29"]
[Round "8.45"]
[White "Stefansson, Vignir Vatnar"]
[Black "Tsaruk, Maksim"]
[Result "1/2-1/2"]
[WhiteTitle "GM"]
[BlackTitle "GM"]
[WhiteElo "2519"]
[BlackElo "2515"]
[WhiteFideId "2308649"]
[BlackFideId "13511173"]
[EventDate "2025.12.29"]

1. d4 Nf6 2. Nf3 b6 3. g3 Bb7 4. Bg2 e6 5. O-O Be7 6. c4 O-O 7. Nc3 Ne4 8. Bd2
f5 9. d5 Bf6 10. Rc1 Na6 11. a3 Nac5 12. b4 Bxc3 13. Bxc3 Nxc3 14. Rxc3 Ne4 15.
Rc2 Qf6 16. Qd4 a5 17. Qxf6 Rxf6 18. Ne5 d6 19. Nc6 Bxc6 20. dxc6 axb4 21. axb4
Rff8 22. Bxe4 fxe4 23. Rd1 Ra4 24. Rb2 b5 25. cxb5 Rb8 26. Rxd6 cxd6 27. c7 Rf8
28. b6 Ra1+ 29. Kg2 Rc1 30. Ra2 d5 31. Ra7 d4 32. Rb7 d3 33. exd3 exd3 34. Rb8
d2 35. Rxf8+ Kxf8 36. b7 d1=Q 37. c8=Q+ Ke7 38. Qxc1 Qxc1 39. b8=Q Qc6+ 40. Kh3
Qc4 41. Qa7+ Kf6 42. Qc5 Qf1+ 43. Kh4 h6 44. Qd4+ Kf7 45. Qd7+ Kf6 46. Qd8+ Kf7
47. Qd7+ Kf6 48. Qd4+ Kf7 49. Qe4 Ke7 50. Qd4 1/2-1/2

[Event "World Blitz 2025"]
[Site "Doha QAT"]
[Date "2025.12.29"]
[Round "8.46"]
[White "Klukin, Kirill"]
[Black "Hakobyan, Aram"]
[Result "0-1"]
[WhiteTitle "IM"]
[BlackTitle "GM"]
[WhiteElo "2414"]
[BlackElo "2613"]
[WhiteFideId "24199273"]
[BlackFideId "13306677"]
[EventDate "2025.12.29"]

1. d4 Nf6 2. c4 e6 3. Nc3 d5 4. cxd5 exd5 5. Bg5 Bb4 6. e3 h6 7. Bh4 g5 8. Bg3
h5 9. f3 h4 10. Bf2 Qe7 11. Qc2 c6 12. O-O-O Be6 13. Bd3 Nbd7 14. Nge2 O-O-O 15.
Kb1 Kb8 16. a3 Ba5 17. h3 Nh5 18. Rc1 Rhf8 19. Qa4 Bb6 20. Rhe1 f5 21. Qc2 Rc8
22. Na4 Bc7 23. Nc5 Nxc5 24. dxc5 Bd7 25. Nd4 Qf6 26. Ka2 Rce8 27. b4 f4 28.
exf4 Nxf4 29. Bf1 Ne6 30. Qb2 Nxd4 31. Bxd4 Qf4 32. Qc3 a6 33. Bg7 Rg8 34. Bd4
Bf5 35. a4 Bd7 36. Qb2 Rxe1 37. Rxe1 Re8 38. Rxe8+ Bxe8 39. Qc3 Bg6 40. Qe3 Qf5
41. Qc1 Bf4 42. Qb2 Be8 43. b5 cxb5 44. axb5 axb5 45. Bxb5 Bxb5 46. Qxb5 Qc2+
47. Qb2 Qc4+ 48. Kb1 Kc8 49. Qc3 Qf1+ 50. Ka2 Qxg2+ 51. Kb3 Qxh3 52. c6 Qe6 53.
cxb7+ Kxb7 54. Qb4+ Kc7 55. Qc5+ Kd7 56. Qa7+ Bc7 57. Qa8 Qc6 58. Qh8 Qc4+ 59.
Kb2 Qe2+ 60. Kb1 Qd3+ 61. Kb2 Qe2+ 62. Kb1 Qe7 63. Kc2 Qf7 64. Qh5 0-1

[Event "World Blitz 2025"]
[Site "Doha QAT"]
[Date "2025.12.29"]
[Round "8.47"]
[White "Urkedal, Frode Olav Olsen"]
[Black "Kevlishvili, Robby"]
[Result "0-1"]
[WhiteTitle "GM"]
[BlackTitle "GM"]
[WhiteElo "2568"]
[BlackElo "2527"]
[WhiteFideId "1506102"]
[BlackFideId "1040634"]
[EventDate "2025.12.29"]

1. d4 d5 2. c4 e6 3. Nc3 Nf6 4. cxd5 exd5 5. Bg5 c6 6. e3 h6 7. Bh4 Be7 8. Bd3
O-O 9. Nge2 Re8 10. O-O a5 11. Rc1 Na6 12. h3 Nc7 13. Bg3 Ne6 14. Qc2 b5 15. Be5
Bd7 16. Ng3 Bf8 17. e4 dxe4 18. Ncxe4 Nxe4 19. Bxe4 f6 20. Bg6 fxe5 21. Bxe8
Nxd4 22. Bf7+ Kxf7 23. Qe4 Kg8 24. f4 c5 25. fxe5 Bc6 26. Qg4 Qg5 27. Qxg5 hxg5
28. Nf5 Nxf5 29. Rxf5 Re8 30. Rxg5 c4 31. a4 Bc5+ 32. Kh2 Be3 0-1

[Event "World Blitz 2025"]
[Site "Doha QAT"]
[Date "2025.12.29"]
[Round "8.48"]
[White "Khubukshanov, Erdem"]
[Black "Zemlyanskii, Ivan"]
[Result "1-0"]
[WhiteTitle "IM"]
[BlackTitle "GM"]
[WhiteElo "2502"]
[BlackElo "2592"]
[WhiteFideId "54114527"]
[BlackFideId "24249971"]
[EventDate "2025.12.29"]

1. e4 e5 2. Nf3 Nc6 3. Bc4 Nf6 4. d3 Be7 5. O-O O-O 6. Re1 d6 7. a4 Na5 8. Ba2
c5 9. c3 Nc6 10. Na3 h6 11. Nc2 Be6 12. b4 cxb4 13. cxb4 a6 14. Bxe6 fxe6 15.
Ne3 d5 16. exd5 exd5 17. Bd2 e4 18. dxe4 Nxe4 19. Rb1 b5 20. Qc2 Rxf3 21. Qxc6
Nxd2 22. Rbd1 Bxb4 23. Nxd5 Ba5 24. Ne7+ Kh8 25. gxf3 Ra7 26. Nf5 Qd3 27. Nh4
Kh7 28. Re3 Qd4 29. Qg6+ 1-0

[Event "World Blitz 2025"]
[Site "Doha QAT"]
[Date "2025.12.29"]
[Round "8.49"]
[White "Idani, Pouya"]
[Black "Dau Khuong Duy"]
[Result "0-1"]
[WhiteTitle "GM"]
[BlackTitle "IM"]
[WhiteElo "2611"]
[BlackElo "2489"]
[WhiteFideId "12510130"]
[BlackFideId "12424722"]
[EventDate "2025.12.29"]

1. e4 c5 2. Nf3 d6 3. Bb5+ Nd7 4. d4 cxd4 5. Qxd4 a6 6. Be2 Ngf6 7. O-O g6 8.
Nc3 Bg7 9. Rd1 O-O 10. e5 dxe5 11. Nxe5 Qa5 12. Nc4 Qf5 13. Ne3 Qc5 14. Qxc5
Nxc5 15. Ned5 Nxd5 16. Nxd5 Be6 17. c3 Rad8 18. Nxe7+ Kh8 19. Bg5 f6 20. Be3 Na4
21. Rxd8 Rxd8 22. Rd1 Rxd1+ 23. Bxd1 Nxb2 24. Bb3 Nc4 25. Bd4 f5 26. f4 b5 27.
Kf2 Bxd4+ 28. cxd4 Kg7 29. Nc6 Kf6 30. Bxc4 Bxc4 31. a3 Bd5 32. Nb4 Bb7 33. g3
Ke6 34. Ke3 a5 35. Nd3 Kd5 36. Nc5 Bc6 37. Kd3 b4 38. axb4 axb4 39. Ke3 Bb5 40.
Nb3 Ba4 41. Nc5 Bb5 42. Nb3 Kc4 43. Nd2+ Kc3 44. d5 Kc2 45. Nf3 Bd7 46. Nd4+ Kc3
47. Ne2+ Kc4 48. d6 Kc5 49. Nc1 Kxd6 50. Kd4 Be6 51. Nd3 b3 52. Kc3 Kc6 53. Ne5+
Kc5 54. h4 Kd5 55. Nf3 Bg8 56. Nd2 Kc5 57. Nf3 Kd5 58. Nd2 b2 59. Kxb2 Kd4 60.
h5 Ke3 61. Kc3 gxh5 62. Nc4+ Bxc4 63. Kxc4 Kf3 64. Kd5 Kxg3 65. Ke5 Kg4 66. Kd4 0-1

[Event "World Blitz 2025"]
[Site "Doha QAT"]
[Date "2025.12.29"]
[Round "8.50"]
[White "Ohanyan, Emin"]
[Black "Sychev, Klementy"]
[Result "1/2-1/2"]
[WhiteTitle "GM"]
[BlackTitle "GM"]
[WhiteElo "2493"]
[BlackElo "2517"]
[WhiteFideId "13312022"]
[BlackFideId "4114060"]
[EventDate "2025.12.29"]

1. d4 d5 2. Nf3 Nf6 3. c4 dxc4 4. Nc3 a6 5. e4 b5 6. e5 Nd5 7. a4 e6 8. axb5 Bb4
9. Qc2 Nb6 10. Qe4 Qd5 11. Qg4 axb5 12. Rxa8 Qxa8 13. Qxg7 Bxc3+ 14. bxc3 Qa1
15. Qxh8+ 1/2-1/2

[Event "World Blitz 2025"]
[Site "Doha QAT"]
[Date "2025.12.29"]
[Round "8.51"]
[White "Tabatabaei, M. Amin"]
[Black "Ahmad, Khagan"]
[Result "1/2-1/2"]
[WhiteTitle "GM"]
[BlackTitle "IM"]
[WhiteElo "2700"]
[BlackElo "2472"]
[WhiteFideId "12521213"]
[BlackFideId "13431552"]
[EventDate "2025.12.29"]

1. d4 Nf6 2. Nc3 d5 3. Bf4 a6 4. e3 h6 5. h4 c5 6. dxc5 Nc6 7. Nf3 Bg4 8. Qd2
Bxf3 9. gxf3 e5 10. Bg3 Bxc5 11. O-O-O Bb4 12. a3 Bxc3 13. Qxc3 Qe7 14. f4 O-O
15. fxe5 Ne4 16. Qb3 Nxg3 17. fxg3 Qxe5 18. Bg2 Qxg3 19. Bxd5 Rae8 20. Qxb7
Qxe3+ 21. Kb1 Ne5 22. Rhe1 Qc5 23. Bb3 Re7 24. Qxa6 Nf3 25. Rxe7 Qxe7 26. h5
Nd2+ 27. Ka2 Nxb3 28. cxb3 Qe5 29. b4 Qxh5 30. Qd3 Qe5 31. a4 h5 32. a5 Rb8 33.
Qc4 h4 34. Qxh4 Qe6+ 35. Ka3 Qe3+ 36. b3 g5 37. Qd4 Qe7 38. Qd6 Qe8 39. Rg1 Rb5
40. a6 Qe3 41. Rd1 Rb6 42. Qd8+ Kg7 43. b5 Qc5+ 44. Kb2 Qxb5 45. Qd4+ Kg8 46.
Qd8+ Kg7 47. Qd4+ Kg8 48. Qc3 Qxa6 49. Rd8+ Kh7 50. Rh8+ Kg6 51. Rg8+ Kf5 52.
Qf3+ Ke5 53. Rxg5+ Ke6 54. Qe4+ Kd7 55. Qd5+ Ke7 56. Qc5+ Rd6 57. Re5+ Kd7 58.
Qc3 Qd3 59. Qxd3 Rxd3 60. Ka3 Kd6 1/2-1/2

[Event "World Blitz 2025"]
[Site "Doha QAT"]
[Date "2025.12.29"]
[Round "8.52"]
[White "Galaviz Medina, Sion Radamantys"]
[Black "Theodorou, Nikolas"]
[Result "0-1"]
[WhiteTitle "IM"]
[BlackTitle "GM"]
[WhiteElo "2514"]
[BlackElo "2652"]
[WhiteFideId "5123119"]
[BlackFideId "4262875"]
[EventDate "2025.12.29"]

1. d4 b6 2. c4 Bb7 3. Nc3 Nf6 4. f3 d5 5. cxd5 Nxd5 6. e4 Nxc3 7. bxc3 e6 8. Be3
Be7 9. Bc4 O-O 10. Ne2 Nc6 11. O-O Na5 12. Bd3 c5 13. Rc1 Rc8 14. Qd2 Qd7 15.
Rfd1 Qa4 16. Qc2 Qxc2 17. Bxc2 cxd4 18. Bxd4 Nc4 19. Bb3 h6 20. Kf1 Ba3 21. Rb1
Rfd8 22. e5 Ba6 23. Kf2 Nb2 24. Rd2 Nd3+ 25. Ke3 Nc5 26. Ng3 Nb7 27. Ne4 Na5 28.
h4 0-1

[Event "World Blitz 2025"]
[Site "Doha QAT"]
[Date "2025.12.29"]
[Round "8.53"]
[White "Pranesh, M"]
[Black "Begmuratov, Khumoyun"]
[Result "1-0"]
[WhiteTitle "GM"]
[BlackTitle "IM"]
[WhiteElo "2627"]
[BlackElo "2451"]
[WhiteFideId "35028600"]
[BlackFideId "14210207"]
[EventDate "2025.12.29"]

1. e4 e5 2. Nf3 Nc6 3. Nc3 Nf6 4. Bb5 Bb4 5. O-O O-O 6. Nd5 Nxd5 7. exd5 e4 8.
Ne1 Ne7 9. c3 Bd6 10. d3 c6 11. Ba4 exd3 12. Qxd3 Ng6 13. Nf3 Bf4 14. g3 Bxc1
15. Raxc1 cxd5 16. h4 d6 17. Bc2 Re8 18. h5 Nf8 19. h6 gxh6 20. Qxd5 Qf6 21. Nd4
Re5 22. Qg2 Rb8 23. Be4 Ne6 24. f4 Rc5 25. Nb3 Rc7 26. Rcd1 Nc5 27. Nxc5 dxc5
28. f5 b5 29. Qf3 Bb7 30. Qf4 Rbc8 31. Rd6 Qg5 32. Rxh6 Qxf4 33. Rxf4 Bxe4 34.
Rxe4 Kg7 35. Reh4 Rc6 36. Rxh7+ Kf6 37. R4h6+ Ke7 38. g4 Rxh6 1-0

[Event "World Blitz 2025"]
[Site "Doha QAT"]
[Date "2025.12.29"]
[Round "8.54"]
[White "Chigaev, Maksim"]
[Black "Tran, Thanh Tu"]
[Result "0-1"]
[WhiteTitle "GM"]
[BlackTitle "IM"]
[WhiteElo "2626"]
[BlackElo "2402"]
[WhiteFideId "4108116"]
[BlackFideId "12401404"]
[EventDate "2025.12.29"]

1. Nf3 Nf6 2. c4 g6 3. Nc3 Bg7 4. e4 d6 5. d4 O-O 6. Be2 Nbd7 7. O-O e5 8. Be3
Qe7 9. Qc2 a6 10. Rad1 h6 11. Nd5 Nxd5 12. cxd5 exd4 13. Bxd4 Nf6 14. Rfe1 c5
15. dxc6 bxc6 16. e5 dxe5 17. Bc5 Qe8 18. Bxf8 Bxf8 19. Bc4 e4 20. Nd4 c5 21.
Ne2 Bb7 22. Nc3 Qe5 23. Bxf7+ Kg7 24. Qb3 Rb8 25. Qe6 Qg5 26. h4 Qxh4 27. Qe5
Ra8 28. Be6 Bc6 29. Bd7 Bb7 30. Qc7 Ra7 31. Bc6+ Kh8 32. Qd8 Ra8 33. Qc7 Ng4 34.
Qg3 Qxg3 35. fxg3 Bxc6 36. Nxe4 c4 37. Nd6 Kg7 38. Re6 Ra7 39. Rd4 Nf6 40. Kf1
Re7 41. Rxe7+ Bxe7 42. Rxc4 Bd5 43. Rc7 Kf8 44. Nc8 Bd8 45. Ra7 Be6 46. Nd6 Be7
47. Ra8+ Kg7 48. Ne8+ Nxe8 49. Rxe8 Kf7 50. Ra8 Bxa2 51. Kf2 Bc4 52. Ke3 Bb5 53.
Rb8 Bc5+ 54. Ke4 Ke6 55. Rg8 Bc6+ 56. Kd3 Kf5 57. Rc8 Bb5+ 58. Kd2 Bd6 59. Ke3
Bxg3 60. Rc5+ Kg4 61. Rc8 Bf4+ 62. Ke4 g5 63. Rh8 h5 64. b4 Bc6+ 65. Kd4 Bxg2
66. Rh6 Bf1 0-1

[Event "World Blitz 2025"]
[Site "Doha QAT"]
[Date "2025.12.29"]
[Round "8.55"]
[White "Nogerbek, Kazybek"]
[Black "Gokerkan, Cem Kaan"]
[Result "0-1"]
[WhiteTitle "GM"]
[BlackTitle "GM"]
[WhiteElo "2539"]
[BlackElo "2510"]
[WhiteFideId "13710427"]
[BlackFideId "6336760"]
[EventDate "2025.12.29"]

1. e4 c5 2. c3 d5 3. exd5 Nf6 4. Bb5+ Nbd7 5. d4 a6 6. Be2 Nxd5 7. Nf3 cxd4 8.
Nxd4 e6 9. O-O Be7 10. c4 N5f6 11. Nc3 O-O 12. a3 Qc7 13. b4 b6 14. Bf3 Bb7 15.
Bxb7 Qxb7 16. Qe2 Rac8 17. Bf4 Rfd8 18. Rac1 Nf8 19. Nb3 Ng6 20. Be3 Ne5 21. c5
bxc5 22. Bxc5 Nd3 23. Rb1 Bxc5 24. bxc5 Nf4 25. Qf3 Qxf3 26. gxf3 Rd3 27. Ne4
Rxf3 28. Nd6 Rd8 29. Nd4 Rc3 30. Nc6 Ra8 31. Ne7+ Kf8 32. Rb7 Rxc5 33. Rfb1 g5
34. Nec8 Raxc8 35. Rxf7+ Kg8 36. h4 Rc1+ 37. Rxc1 Rxc1+ 38. Kh2 Ne4 39. hxg5
Nxd6 40. Rxf4 Rc5 41. Rf6 Rxg5 42. Rxe6 Rd5 43. Re7 Ra5 44. Re3 Nc4 45. Rc3 Nxa3
46. f4 Nb5 47. Rc5 Ra3 48. Rc6 Nd4 49. Rc5 a5 50. Rd5 Ne6 51. f5 Nf4 52. Rd7 a4
53. Ra7 Rh3+ 54. Kg1 a3 55. Kf2 Nd5 56. Kg2 Rb3 57. Ra5 Ne3+ 58. Kf2 Nc4 59. Ra7
h5 60. f6 Kf8 61. Ke2 h4 62. Kd1 h3 63. Kc2 Rb2+ 64. Kc3 h2 65. Rh7 a2 66. Kd4 0-1

[Event "World Blitz 2025"]
[Site "Doha QAT"]
[Date "2025.12.29"]
[Round "8.56"]
[White "Wafa, Hamed"]
[Black "Rakhmanov, Aleksandr"]
[Result "1-0"]
[WhiteTitle "IM"]
[BlackTitle "GM"]
[WhiteElo "2373"]
[BlackElo "2585"]
[WhiteFideId "10628452"]
[BlackFideId "4173708"]
[EventDate "2025.12.29"]

1. e4 c5 2. Nf3 Nf6 3. e5 Nd5 4. Nc3 Nxc3 5. dxc3 Nc6 6. Bf4 Qb6 7. b3 Qc7 8.
Bd3 e6 9. Qe2 h6 10. h4 b6 11. h5 Bb7 12. Rh4 O-O-O 13. Rg4 Ne7 14. O-O-O Kb8
15. Bg3 Nd5 16. Kb2 Ka8 17. Nd2 Qc8 18. Ne4 f5 19. exf6 gxf6 20. Nd6 Bxd6 21.
Bxd6 e5 22. Be4 Nf4 23. Qf3 Rdg8 24. Rxg8 Rxg8 25. g3 Ne6 26. Bxb7+ Qxb7 27.
Qxf6 Qe4 28. Qxh6 Qf5 29. Qe3 Kb7 30. Bxe5 Kc8 31. h6 Rf8 32. f4 Qh5 33. Qe4 Kd8
34. Rh1 1-0

[Event "World Blitz 2025"]
[Site "Doha QAT"]
[Date "2025.12.29"]
[Round "8.57"]
[White "Bjerre, Jonas Buhl"]
[Black "Siddharth, Jagadeesh"]
[Result "1-0"]
[WhiteTitle "GM"]
[BlackTitle "GM"]
[WhiteElo "2623"]
[BlackElo "2489"]
[WhiteFideId "1444948"]
[BlackFideId "5818320"]
[EventDate "2025.12.29"]

1. e4 d6 2. d4 Nf6 3. Nc3 e5 4. Nf3 Nbd7 5. Bc4 Be7 6. O-O O-O 7. h3 c6 8. a4 h6
9. Re1 Re8 10. dxe5 Nxe5 11. Bb3 Bf8 12. Nd4 Ng6 13. Qd3 Qa5 14. Qg3 Qh5 15. Bd2
a6 16. a5 c5 17. Nf3 Bd7 18. Qh2 Nh4 19. Nxh4 Qxh4 20. Qf4 Qh5 21. Nd5 Nxd5 22.
Bxd5 Bc6 23. Bxc6 bxc6 24. c4 Re6 25. Bc3 Rae8 26. f3 Be7 27. Qg4 Qxg4 28. hxg4
Rb8 29. f4 Bf6 30. Bxf6 Rxf6 31. f5 Rxb2 32. Reb1 Rb4 33. Rxb4 cxb4 34. c5 Kf8
35. Rb1 g6 36. Rxb4 gxf5 37. gxf5 dxc5 38. Rc4 Ke7 39. Rxc5 Kd6 40. Rc1 Ke5 41.
Rc4 Kf4 42. Kf2 Rd6 43. g3+ Ke5 44. Ke3 Rd1 45. Rxc6 Re1+ 46. Kf3 Rf1+ 47. Kg4
Kxe4 48. Rf6 h5+ 49. Kg5 Rf3 50. Rxf7 Rxg3+ 51. Kxh5 Ke5 52. Kh6 Ra3 53. Rf8
Rxa5 54. f6 Ke6 55. Kg6 Ra1 56. Re8+ Kd7 57. f7 Rg1+ 58. Kh5 Rh1+ 59. Kg4 Rg1+
60. Kh3 Rf1 61. f8=Q Rxf8 62. Rxf8 Kc6 63. Kg2 Kc5 64. Kf2 Kb4 65. Ke2 a5 66.
Kd2 1-0

[Event "World Blitz 2025"]
[Site "Doha QAT"]
[Date "2025.12.29"]
[Round "8.58"]
[White "Madaminov, Mukhiddin"]
[Black "Martinez Alcantara, Jose Eduardo"]
[Result "1-0"]
[WhiteTitle "GM"]
[BlackTitle "GM"]
[WhiteElo "2552"]
[BlackElo "2667"]
[WhiteFideId "14210703"]
[BlackFideId "3805662"]
[EventDate "2025.12.29"]

1. e4 c5 2. Nf3 d6 3. Bb5+ Nd7 4. d4 cxd4 5. Qxd4 a6 6. Be2 Ngf6 7. c4 b6 8. Nc3
Bb7 9. O-O e6 10. Rd1 Qc7 11. Be3 Be7 12. b4 O-O 13. a3 Rac8 14. Rac1 Rfd8 15.
Qd3 Qb8 16. Qb1 Qa8 17. Nd2 Re8 18. f4 g6 19. Bf3 Bf8 20. Qd3 Qb8 21. Nb3 e5 22.
Nd5 Bxd5 23. cxd5 Bh6 24. f5 Bxe3+ 25. Qxe3 gxf5 26. Qg5+ Kh8 27. Qxf5 Qb7 28.
h3 Rxc1 29. Rxc1 Rc8 30. Qg5 Rxc1+ 31. Qxc1 a5 32. Kh2 Qa6 33. Nd2 Qd3 34. Nc4
axb4 35. Nxd6 Kg8 36. axb4 Qd4 37. Qc8+ Nf8 38. Qd8 Nd7 39. Qe7 Qxb4 40. Qxf7+
Kh8 41. Ne8 1-0

[Event "World Blitz 2025"]
[Site "Doha QAT"]
[Date "2025.12.29"]
[Round "8.59"]
[White "Le, Quang Liem"]
[Black "Ansat, Aldiyar"]
[Result "1-0"]
[WhiteTitle "GM"]
[BlackTitle "IM"]
[WhiteElo "2731"]
[BlackElo "2479"]
[WhiteFideId "12401137"]
[BlackFideId "13715658"]
[EventDate "2025.12.29"]

1. d4 Nf6 2. c4 e6 3. Nf3 d5 4. g3 Bd6 5. Bg2 Nc6 6. O-O O-O 7. Qc2 dxc4 8. Rd1
Nb4 9. Qxc4 b5 10. Qb3 Bb7 11. Nc3 a6 12. Bg5 Nbd5 13. Ne5 Nxc3 14. bxc3 Bxg2
15. Kxg2 Be7 16. a4 Qe8 17. c4 b4 18. a5 Rb8 19. Qf3 Nd5 20. Bd2 f6 21. Nd3 Nc3
22. Bxc3 bxc3 23. Rdc1 Qd7 24. Rxc3 Qxd4 25. Nf4 Bb4 26. Rcc1 Rfe8 27. Rd1 Qxc4
28. Rac1 Qb5 29. Rxc7 Bxa5 30. Rcd7 Rbd8 31. Rb7 Rxd1 32. Rxb5 axb5 33. Qb3 Rdd8
34. Nxe6 Rxe6 35. Qxe6+ Kh8 36. Qa6 Bb4 37. Qxb5 Bf8 38. h4 Rc8 39. h5 Rd8 40.
Qb6 Rd6 41. Qb8 Kg8 42. Qb3+ Kh8 43. Qf7 Rd8 1-0

[Event "World Blitz 2025"]
[Site "Doha QAT"]
[Date "2025.12.29"]
[Round "8.60"]
[White "Jumabayev, Rinat"]
[Black "Svane, Rasmus"]
[Result "0-1"]
[WhiteTitle "GM"]
[BlackTitle "GM"]
[WhiteElo "2560"]
[BlackElo "2608"]
[WhiteFideId "13702661"]
[BlackFideId "4657101"]
[EventDate "2025.12.29"]

1. e4 e5 2. Nf3 Nc6 3. Bc4 Nf6 4. d3 Bc5 5. Nc3 h6 6. a4 d6 7. Be3 Bb6 8. h3 Be6
9. O-O O-O 10. Nd5 Bxd5 11. Bxd5 Nxd5 12. exd5 Ne7 13. c4 Nf5 14. Bd2 a5 15. Bc3
Re8 16. Re1 Qf6 17. Re4 Ng3 18. Re1 Nh5 19. Bd2 Qg6 20. Be3 Bxe3 21. Rxe3 Nf4
22. Nh4 Qf6 23. Nf3 b6 24. Kh2 Re7 25. g3 Ng6 26. Kg2 Nf8 27. Qe2 Rae8 28. Re1
Nd7 29. Nd4 Rf8 30. Nc6 Ree8 31. d4 Qg6 32. dxe5 dxe5 33. Nxe5 Qd6 34. Nc6 Rxe3
35. Qxe3 Nc5 36. b3 Kh8 37. Qf3 Qg6 38. Re3 f5 39. Qf4 Qf6 40. h4 Ne4 41. Qe5
Qg6 42. Rf3 Nd6 43. Nd4 Re8 44. Ne6 Re7 45. h5 Qxh5 46. Qf4 Qg6 47. Re3 Qf6 48.
Qf3 Kg8 49. Qe2 g5 50. f3 f4 51. Re5 fxg3 52. f4 Nf5 53. fxg5 hxg5 54. Re4 Rh7
55. Kg1 Qa1+ 56. Qe1 Qb2 57. Re2 Qh8 58. Nxg5 Rh1+ 59. Kg2 Qh2+ 60. Kf3 Rxe1 0-1

[Event "World Blitz 2025"]
[Site "Doha QAT"]
[Date "2025.12.29"]
[Round "8.61"]
[White "Gurel, Ediz"]
[Black "Ivanchuk, Vasyl"]
[Result "1-0"]
[WhiteTitle "GM"]
[BlackTitle "GM"]
[WhiteElo "2645"]
[BlackElo "2607"]
[WhiteFideId "44507356"]
[BlackFideId "14100010"]
[EventDate "2025.12.29"]

1. e4 e6 2. d4 d5 3. Nd2 Nf6 4. e5 Nfd7 5. Ngf3 c5 6. c3 Nc6 7. Bd3 a5 8. O-O
Be7 9. Re1 a4 10. Nf1 cxd4 11. cxd4 Nb6 12. Ng3 h5 13. h3 Bd7 14. Be3 Nc4 15.
Bxc4 dxc4 16. Ne4 Qa5 17. Bg5 Bf8 18. Rc1 a3 19. b3 cxb3 20. Qxb3 Nb4 21. Rc4
Bb5 22. Rc5 Qa4 23. Qe3 Nc2 24. Qc3 Bxc5 25. Qxc5 Qb4 26. Nd6+ Kd7 27. Qxc2 Qb2
28. Qc5 Bc6 29. Nc4 1-0

[Event "World Blitz 2025"]
[Site "Doha QAT"]
[Date "2025.12.29"]
[Round "8.62"]
[White "Erdogmus, Yagiz Kaan"]
[Black "Dardha, Daniel"]
[Result "1/2-1/2"]
[WhiteTitle "GM"]
[BlackTitle "GM"]
[WhiteElo "2658"]
[BlackElo "2603"]
[WhiteFideId "44599790"]
[BlackFideId "240990"]
[EventDate "2025.12.29"]

1. e4 c5 2. Nf3 d6 3. Bb5+ Bd7 4. Bxd7+ Nxd7 5. O-O e6 6. Qe2 Be7 7. c4 Bf6 8.
Rd1 Ne5 9. Nxe5 Bxe5 10. Nc3 a6 11. d3 Ne7 12. f4 Bd4+ 13. Kh1 Qd7 14. Qf3 O-O
15. Ne2 Nc6 16. Rb1 b5 17. b3 bxc4 18. dxc4 e5 19. f5 f6 20. g4 a5 21. g5 fxg5
22. Bxg5 a4 23. Ng3 axb3 24. Rxb3 Na5 25. Rb5 Nxc4 26. Qb3 d5 27. Rb7 Qa4 28.
Nh5 Qxb3 29. Rxg7+ Kh8 30. axb3 Nd6 31. Be7 Nxe4 32. Bxf8 Rxf8 33. Rf1 Nf2+ 34.
Kg2 Rxf5 35. Ng3 Rf4 36. Rd7 Kg8 37. Rxd5 Ng4 38. Rxf4 Ne3+ 39. Kf3 Nxd5 40.
Rg4+ Kf7 41. Ne4 Nf4 42. Rh4 h5 43. Ng3 Kg6 44. Ne2 Kg5 45. Rxf4 exf4 46. Nxf4
Be5 47. Ne6+ Kf5 48. Nxc5 1/2-1/2

[Event "World Blitz 2025"]
[Site "Doha QAT"]
[Date "2025.12.29"]
[Round "8.63"]
[White "Mitrabha, Guha"]
[Black "Tin, Jingyao"]
[Result "1/2-1/2"]
[WhiteTitle "GM"]
[BlackTitle "GM"]
[WhiteElo "2508"]
[BlackElo "2584"]
[WhiteFideId "5057000"]
[BlackFideId "5804418"]
[EventDate "2025.12.29"]

1. Nf3 d5 2. b3 Bf5 3. Bb2 e6 4. g3 h6 5. Bg2 Nf6 6. O-O Be7 7. d3 O-O 8. Nbd2
Bh7 9. a3 c5 10. Ne5 Nfd7 11. Nxd7 Nxd7 12. c4 Bf6 13. Qc2 Bxb2 14. Qxb2 Nf6 15.
b4 cxb4 16. axb4 dxc4 17. Nxc4 Nd5 18. b5 a5 19. b6 a4 20. Qb5 Nc3 21. Qb2 Nd5
22. Ra3 Ra6 23. Rb1 Qe7 24. h3 Rd8 25. Rba1 Rda8 26. Qb5 Qd8 27. Rxa4 Nc3 28.
Rxa6 Rxa6 29. Qxa6 bxa6 30. Rxa6 Be4 31. Bxe4 Nxe4 32. b7 Nc5 33. Ra8 Nxb7 34.
Rxd8+ Nxd8 35. Kg2 Nc6 36. Kf3 Kf8 37. Ke4 Ke7 38. d4 f5+ 39. Ke3 g5 40. Kd3
Nb4+ 41. Kd2 Nc6 42. e3 f4 43. Kd3 fxg3 44. fxg3 Kf6 45. Ke4 Ne7 46. Ne5 Nf5 47.
Kf3 h5 48. Nd7+ Ke7 49. Nc5 Kf6 50. Ne4+ Kg6 51. Nd2 Kf6 52. Nb3 Kg6 53. e4 Nd6
54. Nc5 Kf7 55. Nd3 Nb5 56. Ke3 Kf6 57. Ne5 Nd6 58. Nf3 Nb5 59. Kd3 Kg6 60. Ne5+
Kf6 61. Nc4 Kg6 62. g4 hxg4 63. hxg4 Kf6 64. Ne5 Nd6 65. Nf3 Nf7 66. Nh2 Ke7 67.
Ke3 Kf6 68. Nf1 Ke7 69. Nd2 Kf6 70. Nc4 Ke7 71. Kd3 Kf6 72. Ne3 Ke7 73. Kc3 Nd6
74. Kd3 Nf7 75. e5 Nh8 76. Nf1 Nf7 77. Ke4 Nh6 78. Kf3 Kf7 79. Nd2 Kg6 80. Ne4
Ng8 81. Nc5 Kf7 82. Ke4 Ne7 83. Nb7 Nd5 84. Nd6+ Ke7 85. Nc4 Nc3+ 86. Kd3 Nd5
87. Ne3 Nf4+ 88. Ke4 Ng6 89. Nc4 Nf4 90. Nd2 Kf7 91. Nc4 Nd5 92. Ne3 Nf4 93. d5
exd5+ 94. Nxd5 Ne2 95. Ne3 Ke6 96. Nf5 Nc3+ 97. Kd4 Nb5+ 98. Kc5 Nc7 99. Kd4
Nb5+ 100. Kc4 Nc7 101. Kd4 Nb5+ 1/2-1/2

[Event "World Blitz 2025"]
[Site "Doha QAT"]
[Date "2025.12.29"]
[Round "8.64"]
[White "Ibarra Jerez, Jose Carlos"]
[Black "Samunenkov, Ihor"]
[Result "1/2-1/2"]
[WhiteTitle "GM"]
[BlackTitle "GM"]
[WhiteElo "2532"]
[BlackElo "2584"]
[WhiteFideId "2226332"]
[BlackFideId "14187086"]
[EventDate "2025.12.29"]

1. e4 e5 2. Nf3 Nc6 3. Nc3 Nf6 4. Nd5 Be7 5. Bd3 d6 6. c3 h6 7. Bc2 Be6 8. Nxe7
Nxe7 9. d4 Ng6 10. O-O O-O 11. h3 Qe7 12. Re1 Rfd8 13. Be3 a6 14. Qd2 Nh5 15.
Kh2 Nhf4 16. Ng1 Qf6 17. g3 Bc4 18. d5 c5 19. dxc6 Ne6 20. b3 Bb5 21. cxb7 Rab8
22. c4 Bc6 23. f3 Bxb7 24. Kg2 h5 25. h4 Ne7 26. Rad1 Nc6 27. Ne2 a5 28. Rf1 Qe7
29. Kh2 Ba8 30. Qc3 Nb4 31. Bb1 Nc5 32. Qd2 Ne6 33. Nc3 Nc6 34. Nb5 Rd7 35. Qf2
Nb4 36. Rd2 Bc6 37. Nc3 Na6 38. Nd5 Bxd5 39. exd5 Nd4 40. Bxd4 exd4 41. Re1 Qf6
42. Rxd4 a4 43. Rf4 Qc3 44. Rfe4 g6 45. R4e3 Qf6 46. Bc2 axb3 47. axb3 Nc5 48.
f4 Rdb7 49. Qf3 Ra7 50. R1e2 Ra2 51. f5 Kg7 52. fxg6 Qxf3 53. Rxf3 fxg6 54. Ref2
Rb7 55. Kh3 Rb2 56. Bd1 Rxf2 57. Rxf2 Nxb3 58. Bxb3 Rxb3 59. Re2 Rc3 60. Re7+
Kf6 61. Re4 Kf5 62. Re6 Rxc4 63. Rxd6 Rc2 64. Rd8 Rd2 65. d6 Ke6 66. Rg8 Kf7 67.
Rd8 Ke6 68. Re8+ Kf7 69. Re7+ Kf6 70. Rd7 Ke6 71. Rg7 Kf6 72. Rd7 Ke6 73. Rd8
Rxd6 74. Rxd6+ Kxd6 75. g4 hxg4+ 76. Kxg4 Ke6 77. Kg5 Kf7 78. h5 gxh5 79. Kxh5 1/2-1/2